000 00331nam a2200133 i 4500
001 bg
100 1 _aSOZAŃSKI, Jerzy
245 0 _aNiezawodność zasilania energią elektryczną /
_cJerzy Sozański.
260 _aWarszawa,
_c1982.
040 _cBPK
041 _apol
942 _cKS
008 s pl f |000 0 pol
999 _c20741
_d20741
856 _uhttp://koha.tu.koszalin.pl/cgi-bin/koha/opac-detail.pl?biblionumber=20741
_yKatalog online BPK